Toxicology and Clinical Pharmacology of Herbal Products (Record no. 4463)

MARC details
000 -LEADER
fixed length control field 01020cam a22003254a 4500
001 - CONTROL NUMBER
control field 11780183
003 - CONTROL NUMBER IDENTIFIER
control field OSt
005 - DATE AND TIME OF LATEST TRANSACTION
control field 20161207193439.0
008 - FIXED-LENGTH DATA ELEMENTS--GENERAL INFORMATION
fixed length control field 990825s2000 nju b 001 0 eng c
010 ## - LIBRARY OF CONGRESS CONTROL NUMBER
LC control number 99046505
020 ## - INTERNATIONAL STANDARD BOOK NUMBER
International Standard Book Number 0896037916
035 ## - SYSTEM CONTROL NUMBER
System control number (DNLM)100895180
040 ## - CATALOGING SOURCE
Original cataloging agency DNLM/DLC
Transcribing agency DLC
Modifying agency DLC
042 ## - AUTHENTICATION CODE
Authentication code pcc
050 00 - LIBRARY OF CONGRESS CALL NUMBER
Classification number RA1250
Item number .T68 2000
060 10 - NATIONAL LIBRARY OF MEDICINE CALL NUMBER
Classification number QV 767
Item number T755 2000
082 00 - DEWEY DECIMAL CLASSIFICATION NUMBER
Classification number QV 744
Item number W29p 2005
100 ## - MAIN ENTRY--PERSONAL NAME
Personal name Edited by Melanie Johns Cupp.
9 (RLIN) 11358
245 00 - TITLE STATEMENT
Title Toxicology and Clinical Pharmacology of Herbal Products
246 3# - VARYING FORM OF TITLE
Title proper/short title Herbal products
260 ## - PUBLICATION, DISTRIBUTION, ETC. (IMPRINT)
Place of publication, distribution, etc. New Jersey;
Name of publisher, distributor, etc. Humana Press,
Date of publication, distribution, etc. 2005.
300 ## - PHYSICAL DESCRIPTION
Extent xxvi, 325 p. ;
Dimensions 24 cm.
504 ## - BIBLIOGRAPHY, ETC. NOTE
Bibliography, etc Includes bibliographical references and index.
650 #0 - SUBJECT ADDED ENTRY--TOPICAL TERM
Topical term or geographic name as entry element Herb medicine
9 (RLIN) 9576
650 12 - SUBJECT ADDED ENTRY--TOPICAL TERM
Topical term or geographic name as entry element Toxicology
9 (RLIN) 9578
650 22 - SUBJECT ADDED ENTRY--TOPICAL TERM
Topical term or geographic name as entry element Pharmacology.
9 (RLIN) 357
856 42 - ELECTRONIC LOCATION AND ACCESS
Materials specified Publisher description
Uniform Resource Identifier http://www.loc.gov/catdir/enhancements/fy0825/99046505-d.html
906 ## - LOCAL DATA ELEMENT F, LDF (RLIN)
a 7
b cbc
c orignew
d 1
e ocip
f 19
g y-gencatlg
942 ## - ADDED ENTRY ELEMENTS (KOHA)
Source of classification or shelving scheme Dewey Decimal Classification
Koha item type Open Shelf
Holdings
Withdrawn status Lost status Source of classification or shelving scheme Damaged status Not for loan Home library Current library Date acquired Inventory number Total Checkouts Full call number Barcode Date last seen Koha item type
    Other/Generic Classification Scheme     MUST Main Library MUST Main Library 24/06/2016 09/31176   QV 744 W29p 2005 2016-2691 24/06/2016 Open Shelf